Statistics for Can you name every opening race winner in F1 History? (1950-2022)

Click here to take the quiz!

General Stats

  • This quiz has been taken 160 times
  • The average score is 61 of 73

Answer Stats

HintAnswer% Correct
2015*Lewis Hamilton
100%
2021Lewis Hamilton
100%
2008*Lewis Hamilton
100%
1994*Michael Schumacher
97%
1995*Michael Schumacher
97%
2000*Michael Schumacher
97%
2001*Michael Schumacher
97%
2002*Michael Schumacher
97%
2004*Michael Schumacher
97%
2018Sebastian Vettel
97%
2017Sebastian Vettel
97%
2011*Sebastian Vettel
97%
2022Charles Leclerc
96%
2006*Fernando Alonso
96%
2010Fernando Alonso
96%
2016*Nico Rosberg
95%
2014Nico Rosberg
95%
2019Valtteri Bottas
95%
2020Valtteri Bottas
95%
2012Jenson Button
93%
2009*Jenson Button
93%
1982Alain Prost
92%
1988Alain Prost
92%
1993*Alain Prost
92%
1987Alain Prost
92%
1985*Alain Prost
92%
1984Alain Prost
92%
1990*Ayrton Senna
92%
1991*Ayrton Senna
92%
2007*Kimi Raikkonen
92%
2013Kimi Raikkonen
92%
1996*Damon Hill
91%
1964Graham Hill
91%
1962*Graham Hill
91%
1963Graham Hill
91%
1955*Juan Manuel Fangio
91%
1954*Juan Manuel Fangio
91%
1957*Juan Manuel Fangio
91%
1951*Juan Manuel Fangio
91%
1956*Juan Manuel Fangio
91%
1998*Mika Hakkinen
88%
1953*Alberto Ascari
87%
1950*Nino Farina
87%
1976Niki Lauda
86%
1986Nelson Piquet
85%
1983*Nelson Piquet
85%
1989Nigel Mansell
84%
1992*Nigel Mansell
84%
1966Jackie Stewart
82%
1969*Jackie Stewart
82%
1972Jackie Stewart
82%
1965*Jim Clark
80%
1968Jim Clark
80%
1980*Alan Jones
76%
1981Alan Jones
76%
1973Emerson Fittipaldi
75%
1975Emerson Fittipaldi
75%
1970Jack Brabham
73%
1959*Jack Brabham
73%
1977Jody Scheckter
73%
1978*Mario Andretti
71%
1971Mario Andretti
71%
2003David Coulthard
70%
1997David Coulthard
70%
1999Eddie Irvine
66%
2005Giancarlo Fisichella
66%
1961Stirling Moss
63%
1958Stirling Moss
63%
1974Denny Hulme
61%
1960Bruce McLaren
55%
1979Jacques Laffite
29%
1952Pierro Taruffi
28%
1967Pedro Rodriguez
21%

Score Distribution

Percentile by Number Answered

Percent of People with Each Score

Your Score History

You have not taken this quiz